000 00966nas a2200301 4500
001 BR0504491
003 BR-BrBNA
005 20231205105733.0
007 ta
008 230509b bl.|||p| |||| 00| 00por d
040 _aBR-BrBNA
_bpor
_cBiblioteca Nacional de Agricultura
041 _a(Pt)
072 _aL01; U10
100 1 _aSilva, I.C. da
100 1 _aMessage, D.
100 1 _aCruz, C.D.
100 1 _aSilva, M.V.G.B. da
245 1 _aAplicação de análises multivariadas para determinação da casta de abelha Apis mellifera L. (africanizadas), obtidas em laboratório
650 _aAPIS MELLIFERA
650 _aABELHA AFRICANA
650 _aMÉTODO ESTATÍSTICO
650 _aCRIAÇÃO
650 _aLARVA
650 _aANÁLISE DE LABORATÓRIO
773 0 _tRevista Brasileira de Zootecnia (Brazil)
_xISSN 1516-3598
_g(Mar-Apr 2005), v. 34(2) p. 635-640
_wBR0504491
909 _a202311
_bLúcia
_c55
_dLúcia Elande
942 _2AGRIS
_n0
_cANA
999 _c184423
_d184423